000 00854nac a22002411u 4500
010 _a 94032717
020 _a0070459584 (v.1)
020 _a007113526* :
082 0 0 _a621.31
_bN243
090 _c4529
_d4529
100 _aNasar, Sayed A.
245 1 0 _aElectric machines and power systems /
_cSyed A. Nasar.
250 _aInternational ed.
260 _aNew York :
_bMcGraw-Hill,
_cc1995-
300 _av. <1> :
_bill. ;
_c24 cm.
440 0 _aMcGraw-Hill series in electrical and computer engineering.
500 _aIncludes index.
505 1 _av. 1. Electric machines
650 0 0 _aElectric machinery.
650 0 0 _aPower electronics.
942 _cBB
_k621.31N243
999 _c4529
_d4529